000 00771nas a2200217 i 4500
001 178451
003 ES-MaACL
005 20250217134859.0
008 110530d1887 po a| | ||or d
245 0 0 _aMovimento da populaçâo :
_bestado civil, emigraçao : estatistica especial.
260 _aLisboa :
_bMinisterio das Obras Publicas, Commercio é Industria. Direcçao geral do Commercio e Industria,
_c1887-
300 _a2 v.(198 ; 193 p.) ;
_c27 cm.
310 _aAnual
362 0 _aA.1 (1887)-
651 4 _aPortugal-
_xPoblación.
_9173546
651 4 _aPortugal-
_xSituación social.
_9171773
710 0 _aPortugal.
_bDirecção Geral do Comércio e Industria.
_96243
852 _aES-MaACL
_jHem-36
866 0 _o1887, 1890.
999 _c178451
_d178451